Hay Day: tempo delle colture - Statistics

Statistiche generali
  • Questo quiz è stato fatto 16 volte
  • Il punteggio medio è 8 su 32
Statistiche sulle risposte
con Immagini Risposta % Corretto
2
86%
20
64%
5
64%
10
57%
30
50%
120
43%
180
43%
360
43%
480
36%
90
36%
150
29%
240
29%
60
29%
30
21%
45
21%
90
21%
20
14%
220
14%
180
7%
180
7%
210
7%
240
7%
30
7%
300
7%
35
7%
40
7%
480
7%
150
0%
270
0%
390
0%
40
0%
80
0%
Nessun quiz corrispondente trovato
Distribuzione punteggi
Percentuale di utenti per punteggio
Percentile per numero di risposta
I tuoi punteggi nel tempo
Non hai fatto questo quiz